000 00828nam a22002295i 4500
001 166986
003 ES-MaACL
005 20230906213434.0
008 991027s1884 be |||| | fre d
040 _aCCPB | B
_bspa
_cCCPB | B
100 1 _aVan den Heuvel, J.
_9133542
245 1 0 _aDe la Situation Légale des associations sans but lucratif en France & en Belgique /
_cpar J. van den Heuvel.
250 _aDeuxième édition.
260 _aBruxelles :
_bFerdinand Larcier ;
_aParis :
_bG. Pedone-Lauriel,
_c1884.
300 _a[4], 358 p. ;
_c22 cm.
650 4 _aAsociaciones-
_xLegislación-
_zFrancia.
_9224481
650 4 _aAsociaciones-
_xLegislación-
_zBélgica.
_9224483
752 _aBélgica -
_dBruselas
752 _aFrancia -
_dParís
852 _aES-MaACL
_jG-10665
_z-- Enc. hol.
999 _c166986
_d166986